| 000 | 00477nam a22001457a 4500 | ||
|---|---|---|---|
| 008 | 080921t xxu||||| |||| 00| 0 eng d | ||
| 020 | _a0521603390 | ||
| 082 |
_222 _a428.24 _bRED |
||
| 245 |
_aFace2face: _bPre-intermediate Class Audio CDs/ _cChris Redston & Gillie Cunningham |
||
| 260 |
_aCambridge ; New York : _bCambridge University Press, 2005 _cc2005 |
||
| 300 | _a3 CD-ROMs ( 4 3/4 in.) | ||
| 500 | _aDistributer : Bacca. | ||
| 500 | _aAudiovisuals. | ||
| 942 |
_2ddc _cCDR |
||
| 999 |
_c10189 _d10189 |
||